[Event "IECG C1.2000.0.00261"]
[Site "IECG email"]
[Date "2000.02.15"]
[Round "?"]
[White "Beauliu, John"]
[Black "Lanin, Boris Aleksandrovic"]
[Result "0-1"]
[WhiteElo "1800"]
[BlackElo "2047"]
[PlyCount "36"]
[EventDate "2000.02.15"]
[EventType "tourn (corr)"]
[EventRounds "6"]
[SourceTitle "Corr 2008"]
[Source "ChessBase"]
[SourceDate "2008.06.24"]
[SourceVersion "1"]
[SourceVersionDate "2008.06.24"]
[SourceQuality "1"]

1. e4 e5 2. Nf3 Nc6 3. Bc4 Nf6 4. d4 exd4 5. e5 d5 6. Bb5 Ne4 7. Nxd4 Bc5 8. Be3 Bd7 9. Bxc6 bxc6 10. 0-0 Bb6 11. f3 Nc5 12. c4 Ne6 13. Nc3 Bxd4 14. Bxd4 c5 15. Bf2 d4 16. Ne4 Bc6 17. Qe1 Qb8 18. Rb1 a5 0-1